000 00876nam a2200265 i 4500
005 20260406153427.0
008 260406s2025 my a br 000 0 may d
020 _a9555832904435
_cRM19.90
_qhardback
040 _aPPAK
_beng
_cPPAK
_erda
082 0 4 _223
_a297.18
090 0 0 _a297.18
_bSIF
_dK
245 0 0 _aSifat Bijaksana Rasulullah صلى الله عليه وسلم
264 1 _aBatang Kali, Selangor :
_bDARUL MUGHNI TRADING,
_c[2025?]
300 _a15 pages :
_bcolour photographs ;
_c19 x 19 cm
336 _atext
_2rdacontent
337 _aunmediated
_2rdamedia
338 _avolume
_2rdacarrier
490 1 _aSiri Akhlak Mulia
500 _aBerfokus Suku Kata.
600 0 0 _aMuhammad,
_cProphet,
_d-632
650 1 0 _aIslamic stories, Malay
650 2 0 _aIslamic ethics
830 0 _aSiri akhlak mulia
942 _2ddc
_cB
999 _c203707
_d203707